00329pab a2200133 454500008004000000100002000040245004800060260000900108300001100117362000800128650002200136700001700158773002000175180718b1989 xxu||||| |||| 00| 0 eng d aKlepper, Steven aThe role of tax preparers in tax compliance c1989 a167-94 aMay aTaxation - U.S.A. aDaniel Nagin aPolicy Sciences